[Event "Kitale op"]
[Site "Kitale"]
[Date "2023.05.14"]
[Round "4"]
[White "Wagodo, Abdul Shakuru"]
[Black "Nsubuga, Haruna"]
[Result "0-1"]
[WhiteElo "1884"]
[BlackElo "2230"]
[PlyCount "92"]
[EventDate "2023.05.13"]
[EventType "swiss"]
[EventRounds "6"]
[EventCountry "KEN"]
[SourceTitle "EXT 2024"]
[Source "ChessBase"]
[SourceDate "2023.10.10"]
[SourceVersion "1"]
[SourceVersionDate "2023.10.10"]
[SourceQuality "1"]

1. f4 d5 2. Nf3 g6 3. d4 Bg7 4. e3 Nh6 5. Bd3 Nf5 6. c3 h5 7. 0-0 Nd7 8. Qe2 Nf6 9. Nbd2 Ng4 10. Nb3 a5 11. h3 a4 12. Nc5 Nf6 13. Bb5+ Bd7 14. Bxd7+ Nxd7 15. Nxb7 Qb8 16. e4 dxe4 17. Qxe4 Ra7 18. Nc5 Nxc5 19. dxc5 Qb5 20. Re1 0-0 21. Rb1 a3 22. bxa3 Qxc5+ 23. Be3 Nxe3 24. Rxe3 e6 25. Rb3 Rxa3 26. Rxa3 Qxa3 27. g4 hxg4 28. hxg4 Qxa2 29. f5 exf5 30. gxf5 Rb8 31. fxg6 Qb1+ 32. Qxb1 Rxb1+ 33. Kf2 Rb2+ 34. Kg3 fxg6 35. Kg4 Rc2 36. Nh4 Kf7 37. Rd3 Rxc3 38. Rd7+ Kf6 39. Nf3 Rc4+ 40. Kg3 Bh6 41. Rh7 Bf4+ 42. Kh3 g5 43. Ng1 g4+ 44. Kg2 Rc2+ 45. Kf1 g3 46. Ne2 g2+ 0-1

[Event "Nairobi op"]
[Site "Nairobi"]
[Date "2023.04.06"]
[Round "1"]
[White "Oketch, Paul Ngoga"]
[Black "Wagodo, Abdul Shakuru"]
[Result "0-1"]
[WhiteElo "1524"]
[BlackElo "1899"]
[PlyCount "37"]
[EventDate "2023.04.06"]
[EventType "swiss"]
[EventRounds "9"]
[EventCountry "KEN"]
[SourceTitle "EXT 2024"]
[Source "ChessBase"]
[SourceDate "2023.10.10"]
[SourceVersion "1"]
[SourceVersionDate "2023.10.10"]
[SourceQuality "1"]

1. Nf3 d5 2. d4 c6 3. Nbd2 f5 4. c4 e6 5. e3 Nf6 6. Bd3 Bd6 7. c5 Bc7 8. b3 a6 9. a4 0-0 10. 0-0 Ne4 11. Bb2 Nd7 12. Ne5 Rf6 13. f3 Nxd2 14. Qxd2 Rh6 15. Qf2 Nxe5 16. dxe5 Qe7 17. Bd4 Bd7 18. Rfd1 g5 19. b4 0-1

[Event "UGA olympic qual"]
[Site "Kampala"]
[Date "2022.03.12"]
[Round "5"]
[White "Ssali, Julius"]
[Black "Wagodo, Abdul Shakuru"]
[Result "1/2-1/2"]
[WhiteElo "2013"]
[BlackElo "1907"]
[PlyCount "34"]
[EventDate "2022.03.05"]
[EventType "tourn"]
[EventRounds "13"]
[EventCountry "UGA"]
[SourceTitle "EXT 2023"]
[Source "ChessBase"]
[SourceDate "2022.10.05"]
[SourceVersion "1"]
[SourceVersionDate "2022.10.05"]
[SourceQuality "1"]

1. d4 d6 2. e4 Nf6 3. Nc3 g6 4. Nf3 Bg7 5. Be3 Ng4 6. Bg5 c5 7. h3 cxd4 8. Nd5 Nf6 9. Bb5+ Bd7 10. Nxf6+ exf6 11. Bxd7+ Qxd7 12. Bf4 0-0 13. Qxd4 f5 14. Qxd6 fxe4 15. Qxd7 Nxd7 16. Nd2 Bxb2 17. Rb1 Bd4 1/2-1/2

[Event "UGA olympic qual"]
[Site "Kampala"]
[Date "2022.03.06"]
[Round "4"]
[White "Wagodo, Abdul Shakuru"]
[Black "Kamoga, Rajab"]
[Result "0-1"]
[WhiteElo "1907"]
[BlackElo "2105"]
[PlyCount "54"]
[EventDate "2022.03.05"]
[EventType "tourn"]
[EventRounds "13"]
[EventCountry "UGA"]
[SourceTitle "EXT 2023"]
[Source "ChessBase"]
[SourceDate "2022.10.05"]
[SourceVersion "1"]
[SourceVersionDate "2022.10.05"]
[SourceQuality "1"]

1. e4 e6 2. d4 d5 3. Nc3 dxe4 4. Nxe4 Nd7 5. Nf3 Ngf6 6. Bg5 Be7 7. Nxf6+ Bxf6 8. Bxf6 Qxf6 9. Be2 0-0 10. 0-0 c5 11. c3 b6 12. dxc5 Nxc5 13. Qd4 Qxd4 14. Nxd4 Bb7 15. Bf3 Bxf3 16. Nxf3 Rfd8 17. Rfd1 Na4 18. Rxd8+ Rxd8 19. Kf1 Nxb2 20. Rb1 Rd1+ 21. Rxd1 Nxd1 22. c4 Nb2 23. Nd2 Kf8 24. Ke2 Ke7 25. Ke3 Kd6 26. f4 Kc5 27. Ne4+ Kb4 0-1

[Event "UGA olympic qual"]
[Site "Kampala"]
[Date "2022.03.05"]
[Round "2"]
[White "Wagodo, Abdul Shakuru"]
[Black "Ssonko, Mathias Allan"]
[Result "1-0"]
[WhiteElo "1907"]
[BlackElo "2172"]
[PlyCount "87"]
[EventDate "2022.03.05"]
[EventType "tourn"]
[EventRounds "13"]
[EventCountry "UGA"]
[SourceTitle "EXT 2023"]
[Source "ChessBase"]
[SourceDate "2022.10.05"]
[SourceVersion "1"]
[SourceVersionDate "2022.10.05"]
[SourceQuality "1"]

1. d4 Nf6 2. c4 c5 3. d5 g6 4. Nc3 Bg7 5. e4 d6 6. Be2 0-0 7. h4 e6 8. h5 exd5 9. hxg6 fxg6 10. exd5 Re8 11. Bg5 Qa5 12. Qd2 Ng4 13. Kf1 Ne5 14. Nb5 Qxd2 15. Bxd2 Na6 16. Nxd6 Rd8 17. Nxc8 Raxc8 18. Rd1 Nb4 19. Bxb4 cxb4 20. b3 b5 21. Nf3 Nxf3 22. gxf3 bxc4 23. Bxc4 Rd6 24. Kg2 Bc3 25. Rh4 Kg7 26. Re4 Rc7 27. Rd3 h5 28. Rde3 Rc5 29. Re7+ Kh6 30. Rxa7 Rcxd5 31. Bxd5 Rxd5 32. Ree7 Rg5+ 33. Kh3 Rf5 34. Rf7 Bf6 35. Kg3 Rg5+ 36. Kh2 Rf5 37. Kg2 Rg5+ 38. Kf1 Rf5 39. Ra6 Kg5 40. Rb6 Rxf3 41. Rxb4 Kh6 42. a4 g5 43. Rb6 Kg6 44. Rbxf6+ 1-0

[Event "UGA-ch op"]
[Site "Kampala"]
[Date "2022.02.17"]
[Round "1"]
[White "Katende, Hudson"]
[Black "Wagodo, Abdul Shakuru"]
[Result "0-1"]
[WhiteElo "1475"]
[BlackElo "1926"]
[PlyCount "56"]
[EventDate "2022.02.17"]
[EventType "swiss"]
[EventRounds "8"]
[EventCountry "UGA"]
[SourceTitle "EXT 2023"]
[Source "ChessBase"]
[SourceDate "2022.10.05"]
[SourceVersion "1"]
[SourceVersionDate "2022.10.05"]
[SourceQuality "1"]

1. d4 Nf6 2. Nf3 e6 3. g3 d5 4. Bg2 Bd6 5. Nc3 c6 6. 0-0 0-0 7. b3 Re8 8. Re1 b5 9. a3 Bb7 10. Bb2 a5 11. Na2 Nbd7 12. Ne5 Bxe5 13. dxe5 Ng4 14. f4 Qb6+ 15. Bd4 c5 16. Bf2 f6 17. exf6 Ndxf6 18. h3 Nxf2 19. Kxf2 d4 20. Bf3 e5 21. fxe5 Rxe5 22. Nc1 Re3 23. Nd3 Rae8 24. Qd2 Qc7 25. Nf4 g5 26. Ng2 Ne4+ 27. Bxe4 Qxg3+ 28. Kf1 Bxe4 0-1

[Event "Kampala Rwabushenyi Memorial"]
[Site "Kampala"]
[Date "2021.12.04"]
[Round "5"]
[White "Ampaire, Shakira"]
[Black "Wagodo, Abdul Shakuru"]
[Result "0-1"]
[WhiteElo "1673"]
[BlackElo "1895"]
[PlyCount "64"]
[EventDate "2021.12.02"]
[EventType "swiss"]
[EventRounds "8"]
[EventCountry "UGA"]
[SourceTitle "EXT 2023"]
[Source "ChessBase"]
[SourceDate "2022.10.05"]
[SourceVersion "1"]
[SourceVersionDate "2022.10.05"]
[SourceQuality "1"]

1. e4 c5 2. Nf3 e6 3. c4 Nc6 4. Nc3 d6 5. d4 cxd4 6. Nxd4 e5 7. Nc2 Nf6 8. Bg5 Be7 9. Be2 0-0 10. 0-0 Nb8 11. Ne3 Nbd7 12. Nf5 Nb6 13. Bxf6 gxf6 14. Bg4 Kh8 15. Nd5 Nxd5 16. cxd5 Rg8 17. Bh3 Rg5 18. f4 exf4 19. Rxf4 Bxf5 20. Bxf5 Qb6+ 21. Kh1 Qxb2 22. g3 Bf8 23. Rb1 Qxa2 24. Rxb7 Kg8 25. Rg4 Re8 26. Rxg5+ fxg5 27. Bxh7+ Kg7 28. Bf5 Re5 29. Qh5 Rxf5 30. exf5 Qxd5+ 31. Kg1 Qxb7 32. Qxg5+ Kh7 0-1

[Event "UGA-chT 2122"]
[Site "Kampala"]
[Date "2021.11.21"]
[Round "5.4"]
[White "Musasizi, Emmanuel"]
[Black "Wagodo, Abdul Shakuru"]
[Result "0-1"]
[WhiteElo "1933"]
[BlackElo "1895"]
[PlyCount "90"]
[EventDate "2021.10.24"]
[EventType "team-swiss"]
[EventRounds "14"]
[EventCountry "UGA"]
[SourceTitle "EXT 2023"]
[Source "ChessBase"]
[SourceDate "2022.10.05"]
[SourceVersion "1"]
[SourceVersionDate "2022.10.05"]
[SourceQuality "1"]
[WhiteTeam "Kireka CC"]
[BlackTeam "DMark CC"]
[WhiteTeamCountry "UGA"]
[BlackTeamCountry "UGA"]

1. d4 c5 2. d5 e5 3. c4 f5 4. Nc3 Nf6 5. Bg5 d6 6. e4 fxe4 7. Bxf6 Qxf6 8. Nxe4 Qg6 9. Ng3 Be7 10. Bd3 Qf7 11. Qc2 g6 12. h4 Na6 13. a3 Bg4 14. f3 Bd7 15. N1e2 0-0-0 16. Rb1 g5 17. hxg5 Bxg5 18. Ne4 Be7 19. b4 Rdg8 20. bxc5 Nxc5 21. Nxc5 dxc5 22. Qb2 b6 23. Qxe5 Bf6 24. Qh2 h5 25. Kf2 h4 26. Rhe1 h3 27. g3 Bg4 28. Be4 Re8 29. Nf4 Bd4+ 30. Kf1 Rxe4 31. fxe4 Bf3 32. Rb3 Bg2+ 33. Ke2 Bxe4 34. Ne6 Qh5+ 35. Kd2 Qh6+ 36. Kd1 Qh5+ 37. g4 Qxg4+ 38. Kc1 Rh7 39. Rg3 Qh4 40. Nxd4 cxd4 41. c5 Qh6+ 42. Kb2 Bxd5 43. cxb6 axb6 44. Re8+ Kb7 45. Rd3 Bg2 0-1

[Event "Kampala m3"]
[Site "Kampala"]
[Date "2021.10.12"]
[Round "4"]
[White "Wagodo, Abdul Shakuru"]
[Black "Yaqeen, Muizzuddin"]
[Result "1-0"]
[WhiteElo "1972"]
[BlackElo "1649"]
[PlyCount "49"]
[EventDate "2021.10.12"]
[EventType "match (rapid)"]
[EventRounds "10"]
[EventCountry "UGA"]
[SourceTitle "EXT 2023"]
[Source "ChessBase"]
[SourceDate "2022.10.05"]
[SourceVersion "1"]
[SourceVersionDate "2022.10.05"]
[SourceQuality "1"]

1. f4 b6 2. Nc3 Bb7 3. e4 g6 4. Nf3 Bg7 5. d4 e6 6. Bd3 Nf6 7. e5 Nd5 8. Nxd5 Bxd5 9. 0-0 0-0 10. Be3 d6 11. Qe1 dxe5 12. fxe5 Nc6 13. Bg5 Qc8 14. c3 Re8 15. Qh4 Qd7 16. Bf6 Ne7 17. Ng5 h6 18. Bxg7 Nf5 19. Rxf5 Kxg7 20. Rxf7+ Qxf7 21. Nxf7 Kxf7 22. Qf6+ Kg8 23. Qxg6+ Kf8 24. Qf6+ Kg8 25. Rf1 1-0

[Event "Kampala m3"]
[Site "Kampala"]
[Date "2021.10.12"]
[Round "3"]
[White "Yaqeen, Muizzuddin"]
[Black "Wagodo, Abdul Shakuru"]
[Result "1/2-1/2"]
[WhiteElo "1649"]
[BlackElo "1972"]
[PlyCount "187"]
[EventDate "2021.10.12"]
[EventType "match (rapid)"]
[EventRounds "10"]
[EventCountry "UGA"]
[SourceTitle "EXT 2023"]
[Source "ChessBase"]
[SourceDate "2022.10.05"]
[SourceVersion "1"]
[SourceVersionDate "2022.10.05"]
[SourceQuality "1"]

1. e4 c5 2. Nf3 a6 3. d4 cxd4 4. Nxd4 e5 5. Nf3 Nf6 6. Bd3 Be7 7. c4 0-0 8. 0-0 d6 9. Nc3 Nc6 10. h3 h6 11. Be3 Be6 12. a3 Nh7 13. Qd2 Ng5 14. Nxg5 Bxg5 15. Bxg5 Qxg5 16. Qxg5 hxg5 17. f3 Rfc8 18. Na4 Rab8 19. Rac1 Nd4 20. Nb6 Rc6 21. Nd5 Kf8 22. Kf2 Rbc8 23. Rc3 Bxd5 24. exd5 Rc5 25. Rfc1 b6 26. b4 R5c7 27. g4 g6 28. Ke3 Kg7 29. a4 Rh8 30. Bf1 f5 31. c5 bxc5 32. bxc5 dxc5 33. Rxc5 Rxc5 34. Rxc5 Ra8 35. Rc7+ Kf6 36. Bc4 Nc2+ 37. Kd2 Nd4 38. Ke3 Nc2+ 39. Kf2 Nb4 40. d6 e4 41. d7 Rd8 42. fxe4 fxe4 43. Rb7 a5 44. Ke3 Ke7 45. Bb5 Rh8 46. Kxe4 Rd8 47. Rc7 Kd6 48. Rc8 Ke7 49. Ke5 Na2 50. Rxd8 Kxd8 51. Kf6 Nc3 52. Bc6 Ne2 53. Kxg6 Nd4 54. Bd5 Kxd7 55. Kxg5 Kd6 56. Bf7 Ke5 57. h4 Nf3+ 58. Kh5 Kf6 59. Be8 Ke7 60. Bb5 Nd4 61. Bd3 Ne6 62. Kh6 Nf4 63. Bb5 Ng2 64. h5 Ne3 65. g5 Kf7 66. g6+ Kg8 67. Kg5 Kh8 68. h6 Nd5 69. g7+ Kh7 70. Bd3+ Kg8 71. Bg6 Ne7 72. Bd3 Nd5 73. Kf5 Ne7+ 74. Kf6 Nd5+ 75. Ke6 Nf4+ 76. Kf6 Nxd3 77. h7+ Kxh7 78. Kf7 Ne5+ 79. Kf8 Nd7+ 80. Kf7 Ne5+ 81. Ke6 Nc4 82. Kf7 Ne5+ 83. Kf8 Ng6+ 84. Kf7 Ne5+ 85. Kf6 Nd7+ 86. Ke7 Ne5 87. Kf6 Nd7+ 88. Ke6 Kxg7 89. Kxd7 Kf7 90. Kc6 Ke7 91. Kb6 Kd7 92. Kxa5 Kc7 93. Ka6 Kb8 94. Kb6 1/2-1/2

[Event "Online Olym Div4 B"]
[Site "Chess.com INT"]
[Date "2020.07.31"]
[Round "1.4"]
[White "Abrantes, Persson"]
[Black "Wagodo, Abdul Shakuru"]
[Result "1-0"]
[WhiteElo "2018"]
[BlackElo "1895"]
[PlyCount "85"]
[EventDate "2020.07.31"]
[EventType "team-tourn (rapid)"]
[EventRounds "9"]
[EventCountry "USA"]
[SourceTitle "CBM 198"]
[Source "ChessBase"]
[SourceDate "2020.10.31"]
[SourceVersion "1"]
[SourceVersionDate "2020.10.31"]
[SourceQuality "1"]
[WhiteTeam "Mozambique"]
[BlackTeam "Uganda"]
[WhiteTeamCountry "MOZ"]
[BlackTeamCountry "UGA"]

1. e4 c5 2. Nf3 a6 3. g3 Nc6 4. Bg2 e5 5. d3 Nf6 6. Nc3 Be7 7. Be3 d6 8. h3 0-0 9. 0-0 h6 10. Nh2 Nh7 11. g4 g5 12. Nd5 Be6 13. Nxe7+ Qxe7 14. c3 Rac8 15. Nf3 Qd7 16. Qd2 f6 17. d4 cxd4 18. cxd4 Ne7 19. d5 Bf7 20. Rfc1 Rxc1+ 21. Rxc1 Rc8 22. Rxc8+ Qxc8 23. Qb4 Qc7 24. Nd2 Nc8 25. Nc4 Be8 26. Nb6 Nxb6 27. Bxb6 Qd7 28. Bf1 h5 29. f3 hxg4 30. hxg4 Kf7 31. b3 Nf8 32. Qc3 Ng6 33. Bc7 Nh4 34. Kf2 Ke7 35. Qa5 Ng6 36. Qb6 Nf4 37. Qxb7 Kf7 38. Bxa6 Kg6 39. Bb6 Kf7 40. Qxd7+ Bxd7 41. a4 Ke7 42. a5 Ng6 43. Bb7 1-0

[Event "Online Olym Div4 B"]
[Site "Chess.com INT"]
[Date "2020.07.31"]
[Round "2.3"]
[White "Wagodo, Abdul Shakuru"]
[Black "Damianou, Ioannis"]
[Result "0-1"]
[WhiteElo "1895"]
[BlackElo "2202"]
[PlyCount "92"]
[EventDate "2020.07.31"]
[EventType "team-tourn (rapid)"]
[EventRounds "9"]
[EventCountry "USA"]
[SourceTitle "CBM 198"]
[Source "ChessBase"]
[SourceDate "2020.10.31"]
[SourceVersion "1"]
[SourceVersionDate "2020.10.31"]
[SourceQuality "1"]
[WhiteTeam "Uganda"]
[BlackTeam "Cyprus"]
[WhiteTeamCountry "UGA"]
[BlackTeamCountry "CYP"]

1. f4 d6 2. Nf3 g6 3. d4 Bg7 4. e4 c6 5. c3 Nd7 6. e5 Nh6 7. Bd3 0-0 8. 0-0 f6 9. Re1 dxe5 10. fxe5 fxe5 11. Ng5 Nf6 12. dxe5 Nd5 13. h4 Ng4 14. Qb3 Nxe5 15. Bc2 h6 16. Ne4 Bf5 17. c4 Qb6+ 18. Kh1 Qxb3 19. axb3 Nb4 20. Na3 Nxc2 21. Nxc2 Nd3 22. Nc3 Nxe1 23. Nxe1 Bg4 24. Be3 Rf1+ 25. Kh2 Be5+ 26. g3 Raf8 27. Rc1 Bf3 28. Nd3 Rxc1 29. Nxc1 h5 30. Nd3 Bd6 31. Bxa7 Ra8 32. Bf2 Ra1 33. Ne1 Bc5 34. Nxf3 Bxf2 35. Kg2 Be3 36. Ne5 Kg7 37. Nf3 Rc1 38. Ne5 Rc2+ 39. Kf3 Bd4 40. Nd3 Bxc3 41. bxc3 Rxc3 42. Ke4 Rxb3 43. Kd4 Kf6 44. Ke4 b5 45. cxb5 Rxd3 46. Kxd3 cxb5 0-1

[Event "Kampala Kireka op 4th"]
[Site "Kampala"]
[Date "2019.12.28"]
[Round "4"]
[White "Wagodo, Abdul Shakuru"]
[Black "Bibasa, Bob Gilbert"]
[Result "0-1"]
[WhiteElo "1895"]
[BlackElo "2058"]
[PlyCount "60"]
[EventDate "2019.12.27"]
[EventType "swiss"]
[EventRounds "8"]
[EventCountry "UGA"]
[SourceTitle "EXT 2022"]
[Source "ChessBase"]
[SourceDate "2021.10.06"]
[SourceVersion "1"]
[SourceVersionDate "2021.10.06"]
[SourceQuality "1"]

1. e4 Nc6 2. d4 d5 3. exd5 Qxd5 4. Nf3 e5 5. dxe5 Qxd1+ 6. Kxd1 Bg4 7. Bf4 Bc5 8. Nbd2 Bxf2 9. Bb5 Nge7 10. Ke2 Bb6 11. h3 Bxf3+ 12. Nxf3 0-0 13. Bxc6 Nxc6 14. c3 Rae8 15. Kd2 f6 16. exf6 Rxf6 17. Bh2 Rg6 18. Nh4 Rg5 19. Raf1 Rd5+ 20. Kc1 Re2 21. Re1 Rdd2 22. Rxe2 Rxe2 23. Rf1 a5 24. Nf5 Rxg2 25. Bg3 h5 26. h4 g6 27. Nh6+ Kg7 28. Rf7+ Kxh6 29. Bf4+ g5 30. Bxg5+ Kg6 0-1

[Event "UGA-chT"]
[Site "Kampala"]
[Date "2019.07.14"]
[Round "1.3"]
[White "Wagodo, Abdul Shakuru"]
[Black "Katumba, Joshua"]
[Result "1-0"]
[WhiteElo "1907"]
[BlackElo "1802"]
[PlyCount "27"]
[EventDate "2019.07.14"]
[EventType "team-swiss"]
[EventRounds "14"]
[EventCountry "UGA"]
[SourceTitle "CBM 195 Extra"]
[Source "ChessBase"]
[SourceDate "2020.05.31"]
[SourceVersion "1"]
[SourceVersionDate "2020.05.31"]
[SourceQuality "1"]
[WhiteTeam "Mulago Kings"]
[BlackTeam "Mogadishu CC"]
[WhiteTeamCountry "UGA"]
[BlackTeamCountry "UGA"]

1. d4 d5 2. c4 c6 3. Nc3 Nf6 4. Nf3 e6 5. e3 Nbd7 6. a3 a6 7. c5 Qc7 8. b4 Ne4 9. Nxe4 dxe4 10. Ng5 Nf6 11. Qc2 Be7 12. Nxe4 0-0 13. Bd3 Nxe4 14. Bxe4 1-0

[Event "Kampala Zabasajja Memorial op"]
[Site "Kampala"]
[Date "2019.03.08"]
[Round "4.7"]
[White "Namaganda, Christine"]
[Black "Wagodo, Abdul Shakuru"]
[Result "1-0"]
[WhiteElo "1570"]
[BlackElo "1898"]
[PlyCount "43"]
[EventDate "2019.03.07"]
[EventType "swiss"]
[EventRounds "8"]
[EventCountry "UGA"]
[SourceTitle "EXT 2024"]
[Source "ChessBase"]
[SourceDate "2023.10.10"]
[SourceVersion "1"]
[SourceVersionDate "2023.10.10"]
[SourceQuality "1"]

1. Nf3 d5 2. d4 c5 3. e3 Nf6 4. Be2 e6 5. b3 Be7 6. Bb2 a6 7. Nbd2 b5 8. a4 b4 9. Rc1 0-0 10. c3 a5 11. Qc2 Ba6 12. c4 Nbd7 13. 0-0 Qb6 14. Bd3 Rfe8 15. h3 h6 16. Ba1 Rac8 17. Qb2 cxd4 18. Nxd4 Ne5 19. Be2 dxc4 20. Nxc4 Nxc4 21. Rxc4 Rxc4 22. bxc4 1-0

[Event "Kampala Zabasajja Memorial op"]
[Site "Kampala"]
[Date "2019.03.07"]
[Round "1.13"]
[White "Wagodo, Abdul Shakuru"]
[Black "Mubiru, Kizito"]
[Result "1-0"]
[WhiteElo "1898"]
[BlackElo "1747"]
[PlyCount "33"]
[EventDate "2019.03.07"]
[EventType "swiss"]
[EventRounds "8"]
[EventCountry "UGA"]
[SourceTitle "EXT 2024"]
[Source "ChessBase"]
[SourceDate "2023.10.10"]
[SourceVersion "1"]
[SourceVersionDate "2023.10.10"]
[SourceQuality "1"]

1. e4 d5 2. Nf3 dxe4 3. Ng5 Nf6 4. d3 Nc6 5. Nc3 Bg4 6. Qd2 exd3 7. Bxd3 e6 8. 0-0 Ne5 9. h3 h6 10. Nxf7 Kxf7 11. hxg4 Nfxg4 12. Qe2 Bc5 13. Bf4 Qf6 14. Bxe5 Nxe5 15. Ne4 Qe7 16. Qh5+ g6 17. Qxe5 1-0

[Event "UGA-chT"]
[Site "Kampala"]
[Date "2018.07.05"]
[Round "7.1"]
[White "Wanyama, Harold"]
[Black "Wagodo, Abdul Shakuru"]
[Result "1-0"]
[WhiteElo "2315"]
[BlackElo "1857"]
[PlyCount "67"]
[EventDate "2018.05.24"]
[EventType "team-swiss"]
[EventRounds "14"]
[EventCountry "UGA"]
[SourceTitle "CBM 187 Extra"]
[Source "ChessBase"]
[SourceDate "2018.11.04"]
[SourceVersion "1"]
[SourceVersionDate "2018.11.04"]
[SourceQuality "1"]
[WhiteTeam "Mulago Kings"]
[BlackTeam "Mulago Rooks"]
[WhiteTeamCountry "UGA"]
[BlackTeamCountry "UGA"]

1. d4 c5 2. d5 d6 3. c4 e5 4. dxe6 fxe6 5. Nc3 Nf6 6. e4 Be7 7. Nf3 Nc6 8. Be2 0-0 9. 0-0 a6 10. Bg5 h6 11. Bh4 Nh7 12. Bg3 e5 13. Nd5 Nf6 14. Qd3 Bg4 15. h3 Bxf3 16. Bxf3 Nd4 17. Bd1 Nxd5 18. exd5 Bh4 19. Bh2 Bg5 20. g3 Qe8 21. f3 b5 22. b3 bxc4 23. bxc4 Rb8 24. h4 Bf6 25. Rc1 Qc8 26. Bc2 Nxc2 27. Qxc2 Be7 28. Kg2 Qf5 29. Qxf5 Rxf5 30. Rb1 Rff8 31. a3 Rfc8 32. Bg1 Bd8 33. Be3 Bc7 34. h5 1-0

[Event "Kampala Kawuma op"]
[Site "Kampala"]
[Date "2018.03.11"]
[Round "8"]
[White "Namaganda, Christine"]
[Black "Wagodo, Abdul Shakuru"]
[Result "1-0"]
[WhiteElo "1584"]
[BlackElo "1851"]
[PlyCount "23"]
[EventDate "2018.03.08"]
[EventType "swiss"]
[EventRounds "8"]
[EventCountry "UGA"]
[SourceTitle "EXT 2019"]
[Source "ChessBase"]
[SourceDate "2018.10.10"]
[SourceVersion "1"]
[SourceVersionDate "2018.10.10"]
[SourceQuality "1"]

1. d4 c5 2. Nf3 cxd4 3. Nxd4 Nc6 4. Nxc6 bxc6 5. e4 e6 6. Bd3 d5 7. exd5 cxd5 8. 0-0 Bd6 9. Be3 Nf6 10. Nd2 0-0 11. c4 d4 12. Bg5 1-0